<?xml version="1.0" encoding="UTF-8"?>
<record
    xmlns:xsi="http://www.w3.org/2001/XMLSchema-instance"
    xsi:schemaLocation="http://www.loc.gov/MARC21/slim http://www.loc.gov/standards/marcxml/schema/MARC21slim.xsd"
    xmlns="http://www.loc.gov/MARC21/slim">

  <leader>01237nam a22002177a 4500</leader>
  <datafield tag="999" ind1=" " ind2=" ">
    <subfield code="c">224</subfield>
    <subfield code="d">224</subfield>
  </datafield>
  <controlfield tag="003">AR-CdUCM</controlfield>
  <controlfield tag="008">190222b           ||||| |||| 00| 0 spa d</controlfield>
  <datafield tag="040" ind1=" " ind2=" ">
    <subfield code="a">MUNICIPALIDAD PROVINCIAL DEL CUSCO</subfield>
    <subfield code="c">BIBLIOTECA MUNICIPAL DEL CUSCO</subfield>
  </datafield>
  <datafield tag="082" ind1=" " ind2=" ">
    <subfield code="a">985.002 / </subfield>
    <subfield code="b">L97</subfield>
  </datafield>
  <datafield tag="100" ind1=" " ind2=" ">
    <subfield code="a">Lumbreras, Luis Guillermo</subfield>
  </datafield>
  <datafield tag="245" ind1=" " ind2=" ">
    <subfield code="a">Nueva historia general del Per&#xFA; :</subfield>
    <subfield code="b">un compendio /</subfield>
    <subfield code="c">Lumbreras, Luis Guillermo ; Aran&#xED;bal, Carlos ; Bonilla, Heraclio ; Burga, Manu&#xE9;l ; C&#xF3;tler, Julio ; Espinoza, Waldemar ; Flores Galindo, Alberto ; L&#xF3;pez Soria, Jos&#xE9; Ignacio ; L&#xF3;pez, Sinesio ; Yepez, Ernesto</subfield>
  </datafield>
  <datafield tag="260" ind1=" " ind2=" ">
    <subfield code="a">Lima - Per&#xFA; :</subfield>
    <subfield code="b">Mosca azul editores,</subfield>
    <subfield code="c">1982.</subfield>
  </datafield>
  <datafield tag="300" ind1=" " ind2=" ">
    <subfield code="a">263 p&#xE1;ginas ;</subfield>
    <subfield code="c">20 cm.</subfield>
  </datafield>
  <datafield tag="505" ind1=" " ind2=" ">
    <subfield code="a">El Per&#xFA; prehisp&#xE1;nico -- la sociedad colonial -- la &#xE9;poca del rompimiento -- el militarismo y la dominaci&#xF3;n Brit&#xE1;nica -- la crisis pol&#xED;tica -- la sociedad Andina ...</subfield>
  </datafield>
  <datafield tag="650" ind1=" " ind2=" ">
    <subfield code="a">&#xE9;poca prehisp&#xE1;nico.</subfield>
    <subfield code="9">989</subfield>
  </datafield>
  <datafield tag="650" ind1=" " ind2=" ">
    <subfield code="a">Per&#xFA; siglo XIX.</subfield>
    <subfield code="9">990</subfield>
  </datafield>
  <datafield tag="650" ind1=" " ind2=" ">
    <subfield code="a">Bibliograf&#xED;as.</subfield>
    <subfield code="9">991</subfield>
  </datafield>
  <datafield tag="700" ind1=" " ind2=" ">
    <subfield code="a">Aran&#xED;bal, Carlos ; Bonilla, Heraclio ; Burga, Manu&#xE9;l ; C&#xF3;tler, Julio ; Espinoza, Waldemar ; Flores Galindo, Alberto ; L&#xF3;pez Soria, Jos&#xE9; Ignacio ; L&#xF3;pez, Sinesio ; Yepez, Ernesto</subfield>
    <subfield code="9">992</subfield>
  </datafield>
  <datafield tag="942" ind1=" " ind2=" ">
    <subfield code="2">ddc</subfield>
    <subfield code="c">LIBROS</subfield>
  </datafield>
  <datafield tag="945" ind1=" " ind2=" ">
    <subfield code="a">achl</subfield>
    <subfield code="d">2019-02-22</subfield>
  </datafield>
  <datafield tag="952" ind1=" " ind2=" ">
    <subfield code="0">0</subfield>
    <subfield code="2">ddc</subfield>
    <subfield code="4">0</subfield>
    <subfield code="7">0</subfield>
    <subfield code="a">SH</subfield>
    <subfield code="b">SH</subfield>
    <subfield code="c">CART</subfield>
    <subfield code="d">2019-02-22</subfield>
    <subfield code="g">10.00</subfield>
    <subfield code="o">985.002 /  L97</subfield>
    <subfield code="p">SH0000000037</subfield>
    <subfield code="r">2019-02-22</subfield>
    <subfield code="y">LIBROS</subfield>
  </datafield>
</record>
